[Event "Sveins 5. minneturnering"]
[Site "Oslo"]
[Date "2012.06.22"]
[Round "1"]
[White "Gonzàlez, Francisco Silva"]
[Black "Hammer, Jon Ludvig"]
[Result "0-1"]
[WhiteElo "1991"]
[BlackElo "2630"]
[PlyCount "106"]
[EventDate "2012.??.??"]

1. d4 Nf6 2. c4 e6 3. Nc3 Bb4 4. Qc2 O-O 5. a3 Bxc3+ 6. Qxc3 d6 7. Nf3 Nc6 8.
Bg5 h6 9. Bxf6 Qxf6 10. Rd1 e5 11. d5 Ne7 12. g3 c6 13. Bg2 cxd5 14. cxd5 b6
15. Nxe5 Ba6 16. Nc6 Qxc3+ 17. bxc3 Rfe8 18. Bf3 Rac8 19. Rd4 Rc7 20. O-O Bb5
21. Re4 Kf8 22. Nxe7 Rexe7 23. Rxe7 Kxe7 24. Rc1 Rc4 25. e3 Ra4 26. Ra1 Bd3 27.
Bd1 Ra5 28. Bf3 f5 29. Bg2 Kf6 30. f3 Rb5 31. Rd1 Bc4 32. Rd4 Rb1+ 33. Kf2 b5
34. a4 Rb2+ 35. Kg1 a6 36. axb5 axb5 37. f4 Rc2 38. e4 Rxc3 39. e5+ Ke7 40. Rd1
b4 41. Ra1 b3 42. Ra7+ Kd8 43. Rb7 Rc1+ 44. Kf2 Rc2+ 45. Ke3 Rxg2 46. Kd4 Ba6
47. Rxb3 Rd2+ 48. Ke3 Rxd5 49. Rb8+ Ke7 50. exd6+ Rxd6 51. Rb3 Kf6 52. h3 Re6+
53. Kd4 Bf1 
0-1

[Event "Sveins 5. minneturnering"]
[Site "Oslo"]
[Date "2012.06.22"]
[Round "1"]
[White "Berg, Emanuel"]
[Black "Kjølberg, Jens Hjorth"]
[Result "1-0"]
[WhiteElo "2587"]
[BlackElo "1982"]
[PlyCount "41"]
[EventDate "2012.??.??"]

1. e4 c5 2. Nf3 d6 3. d4 cxd4 4. Nxd4 Nf6 5. Nc3 g6 6. Be3 Bg7 7. f3 O-O 8. Qd2
Nc6 9. Bc4 Bd7 10. Bb3 Na5 11. h4 h5 12. Bh6 Rc8 13. O-O-O Nc4 14. Bxc4 Rxc4
15. Bxg7 Kxg7 16. g4 hxg4 17. h5 Rh8 18. hxg6 fxg6 19. f4 Rh5 20. e5 dxe5 21.
Ne6+ 
1-0

[Event "Sveins 5. minneturnering"]
[Site "Oslo"]
[Date "2012.06.22"]
[Round "1"]
[White "Kjøita, Henning"]
[Black "Hillarp Persson, Tiger"]
[Result "1-0"]
[WhiteElo "1970"]
[BlackElo "2578"]
[PlyCount "51"]
[EventDate "2012.??.??"]

1. e4 g6 2. g3 Bg7 3. Bg2 b5 4. e5 c6 5. d4 d6 6. d5 c5 7. e6 Nf6 8. exf7+ Kxf7
9. Nh3 Na6 10. Ng5+ Kg8 11. O-O Nc7 12. a4 b4 13. c4 bxc3 14. Nxc3 h6 15. Nh3
Rb8 16. Nf4 Bf5 17. Re1 g5 18. Nh5 Bf8 19. Nb5 Nxb5 20. axb5 Qd7 21. Bd2 Nxh5
22. Qxh5 Rxb5 23. Bc3 Bg7 24. Rxa7 Qxa7 25. Qe8+ Kh7 26. Qf7 
1-0

[Event "Sveins 5. minneturnering"]
[Site "Oslo"]
[Date "2012.06.22"]
[Round "1"]
[White "Hebden, Mark L"]
[Black "Schjelderup, Nils-Jakob"]
[Result "1-0"]
[WhiteElo "2512"]
[BlackElo "1930"]
[PlyCount "51"]
[EventDate "2012.??.??"]

1. d4 f5 2. g3 Nf6 3. Bg2 e6 4. Nf3 Be7 5. O-O O-O 6. c4 d6 7. Nc3 Ne4 8. Nxe4
fxe4 9. Nd2 d5 10. f3 exf3 11. Nxf3 Nc6 12. Be3 Bd7 13. Rc1 Be8 14. Bh3 Bf7 15.
Qd2 h6 16. b3 Bf6 17. cxd5 exd5 18. b4 a6 19. a4 a5 20. b5 Nb4 21. Ne5 Be8 22.
Bxh6 gxh6 23. Qxh6 Qe7 24. Rxc7 Qxc7 25. Be6+ Bf7 26. Rxf6 
1-0

[Event "Sveins 5. minneturnering"]
[Site "Oslo"]
[Date "2012.06.22"]
[Round "1"]
[White "Rødvik, Trym Daniel"]
[Black "Smith, Axel"]
[Result "0-1"]
[WhiteElo "1926"]
[BlackElo "2483"]
[PlyCount "102"]
[EventDate "2012.??.??"]

1. e4 c5 2. Nf3 e6 3. d4 cxd4 4. Nxd4 a6 5. Be3 Nf6 6. Nc3 Bb4 7. Bd3 O-O 8.
O-O Nc6 9. Kh1 e5 10. Nde2 d6 11. f4 Bg4 12. h3 Bxe2 13. Nxe2 d5 14. fxe5 Nxe4
15. Bxe4 dxe4 16. Ng3 Nxe5 17. Nxe4 Qe7 18. Bd4 f5 19. Nc3 Rad8 20. Re1 Qh4 21.
Rxe5 Qxd4 22. Qxd4 Rxd4 23. Ne2 Rd2 24. c3 Bd6 25. Re6 Kf7 26. Re3 Rxb2 27. Rd1
Re8 28. Rxe8 Kxe8 29. Rxd6 Rxe2 30. Rb6 Re7 31. Kg1 Kd8 32. Kf2 Kc7 33. Rb4 Re5
34. Rc4+ Kb6 35. Rd4 Rc5 36. Rd7 Rc7 37. Rd3 Re7 38. Rd4 g6 39. g3 Rc7 40. Rd3
Kb5 41. Ke2 Ka4 42. Kd2 Ka3 43. Rd6 Kxa2 44. Rb6 Ka3 45. Rb4 b5 46. Kd3 Rd7+
47. Kc2 Re7 48. Kd2 Re4 49. Rd4 Rxd4+ 50. cxd4 Kb4 51. Kd3 a5 0-1

[Event "Sveins 5. minneturnering"]
[Site "Oslo"]
[Date "2012.06.22"]
[Round "1"]
[White "Ziska, Helgi Dam"]
[Black "Langmyhr, Tore"]
[Result "1-0"]
[WhiteElo "2450"]
[BlackElo "1905"]
[PlyCount "55"]
[EventDate "2012.??.??"]

1. e4 d5 2. exd5 Nf6 3. Be2 Nxd5 4. d4 Nc6 5. Nf3 Bf5 6. O-O e6 7. c3 a6 8. Re1
Be7 9. Bf1 O-O 10. Nbd2 h6 11. h3 Bh7 12. Ne4 Nf6 13. Nxf6+ Bxf6 14. Qb3 b6 15.
Bf4 Ne7 16. Bh2 g5 17. Rad1 c6 18. Ne5 b5 19. Qa3 Bxe5 20. Bxe5 Nd5 21. c4 Nb6
22. b3 Nd7 23. Bd6 Re8 24. Be2 Qc8 25. Bf3 Ra7 26. h4 a5 27. hxg5 hxg5 28. Qc1
1-0

[Event "Sveins 5. minneturnering"]
[Site "Oslo"]
[Date "2012.06.22"]
[Round "1"]
[White "Heublum, Harry A"]
[Black "Hagen, Andreas Skytte"]
[Result "0-1"]
[WhiteElo "1903"]
[BlackElo "2445"]
[PlyCount "60"]
[EventDate "2012.??.??"]

1. d4 Nf6 2. Nf3 g6 3. e3 Bg7 4. Be2 c5 5. O-O O-O 6. b3 d5 7. Bb2 cxd4 8. exd4
Nc6 9. c4 Bf5 10. Nc3 Rc8 11. Ne5 dxc4 12. Nxc6 Rxc6 13. Bxc4 a6 14. a4 Be6 15.
Bxe6 Rxe6 16. Re1 Rxe1+ 17. Qxe1 Qxd4 18. Rd1 Qb4 19. Rb1 Rd8 20. Ba1 e6 21. h3
Rd7 22. Ne2 Qxe1+ 23. Rxe1 Rd3 24. Rc1 h5 25. b4 Rb3 26. Rc8+ Kh7 27. Bxf6 Bxf6
28. Rc4 b5 29. axb5 axb5 30. Rc7 Rb1+ 
0-1

[Event "Sveins 5. minneturnering"]
[Site "Oslo"]
[Date "2012.06.22"]
[Round "1"]
[White "Urkedal, Frode Olav Olsen"]
[Black "Haug, Johannes"]
[Result "1-0"]
[WhiteElo "2439"]
[BlackElo "1886"]
[PlyCount "51"]
[EventDate "2012.??.??"]

1. d4 Nf6 2. c4 e6 3. Nc3 Bb4 4. e3 b6 5. Nge2 O-O 6. a3 Bxc3+ 7. Nxc3 d6 8.
Bd3 Nbd7 9. O-O e5 10. b4 a5 11. Bb2 Bb7 12. d5 Re8 13. e4 Qe7 14. Rc1 h6 15.
Qe2 Nh7 16. g3 Nhf8 17. Nb5 Rec8 18. f4 Ng6 19. f5 Nh8 20. Rc2 Ba6 21. Nc3 g5
22. Qh5 Kg7 23. Bc1 f6 24. h4 Qe8 25. Qf3 Nf7 26. Rh2 
1-0

[Event "Sveins 5. minneturnering"]
[Site "Oslo"]
[Date "2012.06.22"]
[Round "1"]
[White "Kjøita, Torgeir"]
[Black "Øgaard, Leif"]
[Result "0-1"]
[WhiteElo "1880"]
[BlackElo "2408"]
[PlyCount "76"]
[EventDate "2012.??.??"]

1. e4 c5 2. Nf3 e6 3. d4 cxd4 4. Nxd4 Nc6 5. c4 Nf6 6. Nc3 Bb4 7. Nxc6 bxc6 8.
Bd3 e5 9. O-O d6 10. Qa4 Bxc3 11. bxc3 Qc7 12. Be3 O-O 13. f3 Be6 14. f4 Ng4
15. Bf2 exf4 16. Be2 Ne5 17. Bd4 c5 18. Bf2 Qb7 19. Qc2 f6 20. Qd2 Qxe4 21.
Qxd6 Nf7 22. Qd1 Rad8 23. Qe1 Bxc4 24. Bxc5 Rfe8 25. Bf3 Qf5 26. Qf2 Bxf1 27.
Rxf1 Ng5 28. Bxa7 Nxf3+ 29. Qxf3 Rd2 30. a4 g5 31. Qc6 Ree2 32. Bf2 Kg7 33.
Qb7+ Kg6 34. Qa8 Qe6 35. a5 Rxf2 36. Rxf2 Rd1+ 37. Rf1 Qe3+ 38. Kh1 Rxf1# 
0-1

[Event "Sveins 5. minneturnering"]
[Site "Oslo"]
[Date "2012.06.22"]
[Round "1"]
[White "Hoi, Carsten"]
[Black "Jørgensen, Line Jin"]
[Result "1-0"]
[WhiteElo "2357"]
[BlackElo "1876"]
[PlyCount "67"]
[EventDate "2012.??.??"]

1. d4 Nf6 2. c4 c5 3. Nf3 cxd4 4. Nxd4 Nc6 5. Nc3 g6 6. e4 d6 7. Be2 Bg7 8. Be3
O-O 9. O-O Bd7 10. Qd2 Qa5 11. f3 Rfc8 12. Rfd1 Nxd4 13. Bxd4 Bc6 14. a3 a6 15.
b4 Qd8 16. Rac1 b5 17. cxb5 axb5 18. Bxb5 Bxb5 19. Nxb5 Nd7 20. Rxc8 Bxd4+ 21.
Nxd4 Qxc8 22. Rc1 Qa6 23. Nc6 Qxa3 24. Nxe7+ Kg7 25. Nd5 Rb8 26. h3 Qa7+ 27.
Kh2 Rb7 28. Qb2+ Kh6 29. Rc6 Qb8 30. Qc1+ Kg7 31. Qc3+ Kh6 32. Rc8 Qa7 33. Rg8
f6 34. Qd2+ 
1-0

[Event "Sveins 5. minneturnering"]
[Site "Oslo"]
[Date "2012.06.22"]
[Round "1"]
[White "Sætre, Roger"]
[Black "Westerinen, Heikki M.J"]
[Result "0-1"]
[WhiteElo "1865"]
[BlackElo "2335"]
[PlyCount "120"]
[EventDate "2012.??.??"]

1. e4 e6 2. d4 d5 3. exd5 exd5 4. c4 Nf6 5. Nc3 Bb4 6. Nf3 O-O 7. Be2 Bg4 8.
O-O Nc6 9. cxd5 Nxd5 10. Nxd5 Qxd5 11. Be3 Rad8 12. a3 Ba5 13. h3 Bh5 14. Qa4
Bb6 15. Rfd1 Rd6 16. Bc4 Qa5 17. Qxa5 Nxa5 18. Be2 Nb3 19. Rab1 Rfd8 20. Bf4
Bxf3 21. Bxf3 Rxd4 22. Rxd4 Nxd4 23. Bd1 Ne6 24. Bg3 Rd2 25. Kf1 Bd4 26. b4 c6
27. Bb3 Kf8 28. f3 Ke7 29. Be1 Rb2 30. Rxb2 Bxb2 31. a4 Kd6 32. Bg3+ Be5 33.
Bf2 a6 34. Be1 f6 35. Bd2 Bg3 36. Be3 h5 37. Ke2 h4 38. Kd3 Be1 39. Bxe6 Kxe6
40. Kc4 b5+ 41. Kb3 Kd5 42. a5 Bg3 43. Bc5 Bd6 44. Bf2 g5 45. Kc3 c5 46. bxc5
Bxc5 47. Be1 Ke5 48. g3 hxg3 49. Bxg3+ Kd5 50. Bc7 Bd6 51. Bb6 Be5+ 52. Kb4 Bg3
53. Bd8 Be1+ 54. Kb3 Ke5 55. Bc7+ Kf5 56. Bd8 Bd2 57. Kc2 Bf4 58. Kd3 Be5 59.
Bb6 Kf4 60. Ke2 b4 0-1

[Event "Sveins 5. minneturnering"]
[Site "Oslo"]
[Date "2012.06.22"]
[Round "1"]
[White "Vas, Peter"]
[Black "Hansen, Erle Andrea Marki"]
[Result "1-0"]
[WhiteElo "2326"]
[BlackElo "1853"]
[PlyCount "59"]
[EventDate "2012.??.??"]

1. e4 c5 2. Nf3 Nc6 3. d4 cxd4 4. Nxd4 Nf6 5. Nc3 e5 6. Ndb5 d6 7. Bg5 a6 8.
Na3 b5 9. Nd5 Be7 10. Bxf6 Bxf6 11. c3 Bg5 12. Nc2 O-O 13. h4 Bh6 14. g4 g6 15.
Nce3 Be6 16. g5 Bg7 17. Ng4 Bxd5 18. Qxd5 Ne7 19. Qb3 Qc8 20. Bh3 Qc4 21. Qxc4
bxc4 22. O-O-O Rfd8 23. Rd2 Nc8 24. Rhd1 Kf8 25. Ne3 Ke7 26. Nxc4 f6 27. Bxc8
Raxc8 28. Nxd6 Rb8 29. c4 Ke6 30. Nf5 
1-0

[Event "Sveins 5. minneturnering"]
[Site "Oslo"]
[Date "2012.06.22"]
[Round "1"]
[White "Wibe, Per H"]
[Black "Ådnøy, Hallvard V"]
[Result "1/2-1/2"]
[WhiteElo "1849"]
[BlackElo "2286"]
[PlyCount "107"]
[EventDate "2012.??.??"]

1. e4 d6 2. c4 Nf6 3. Nc3 e5 4. g3 c6 5. Bg2 Be7 6. Nge2 a6 7. a4 a5 8. O-O Na6
9. d4 O-O 10. h3 Qc7 11. f4 Nd7 12. f5 exd4 13. Nxd4 Nb4 14. g4 h6 15. Be3 Bf6
16. g5 hxg5 17. Qh5 Ne5 18. Bxg5 Bxg5 19. Qxg5 f6 20. Qg3 Qb6 21. Nce2 Nc2 22.
Rad1 Nxc4 23. Rf3 Bd7 24. Kh1 Nxd4 25. Nxd4 Rae8 26. Rb3 Qa7 27. Bf3 Re7 28.
Be2 d5 29. exd5 cxd5 30. Bf3 Bc6 31. Ne6 Rc8 32. Rg1 b6 33. Qh4 Ne5 34. Nd4
Nxf3 35. Rxf3 Re4 36. Qxf6 Qe7 37. Qxe7 Rxe7 38. f6 Rf7 39. Rfg3 Rxf6 40. Rxg7+
Kh8 41. R7g6 Rxg6 42. Rxg6 Bxa4 43. Rxb6 Rc4 44. b3 Rxd4 45. bxa4 Rxa4 46. Rb5
d4 47. Kg2 d3 48. Rd5 Ra3 49. Kf2 a4 50. Ke3 Ra1 51. Rxd3 a3 52. Kd4 Kg7 53.
Kc3 Kf6 54. Kb3 1/2-1/2

[Event "Sveins 5. minneturnering"]
[Site "Oslo"]
[Date "2012.06.22"]
[Round "1"]
[White "Meurs, Tom"]
[Black "Riiser, Samuel"]
[Result "1-0"]
[WhiteElo "2246"]
[BlackElo "1825"]
[PlyCount "71"]
[EventDate "2012.??.??"]

1. e4 c5 2. Nf3 d6 3. d4 cxd4 4. Nxd4 Nf6 5. Nc3 a6 6. Bg5 e6 7. f4 Nbd7 8. Qe2
Qc7 9. O-O-O b5 10. g4 Bb7 11. Bg2 Be7 12. a3 O-O 13. f5 e5 14. Nf3 Nc5 15.
Bxf6 Bxf6 16. Kb1 Be7 17. g5 f6 18. h4 Qb6 19. gxf6 Rxf6 20. Ng5 Rh6 21. Bf3 b4
22. Qc4+ Ne6 23. Nd5 Bxd5 24. Qxd5 bxa3 25. Qxa8+ Bd8 26. b3 Nf4 27. Be2 a2+
28. Ka1 Qc7 29. Bc4+ Kf8 30. Rhf1 Qa5 31. b4 Qc7 32. Rxf4 exf4 33. Qd5 Bf6+ 34.
Kxa2 Ke8 35. Nf7 Be7 36. Nxh6 
1-0

[Event "Sveins 5. minneturnering"]
[Site "Oslo"]
[Date "2012.06.22"]
[Round "1"]
[White "Arntsen, Frode"]
[Black "Tari, Aryan"]
[Result "0-1"]
[WhiteElo "1815"]
[BlackElo "2216"]
[PlyCount "72"]
[EventDate "2012.??.??"]

1. c4 c5 2. Nc3 Nc6 3. g3 g6 4. Bg2 Bg7 5. Nf3 Nf6 6. O-O O-O 7. Rb1 d5 8. cxd5
Nxd5 9. Qb3 Nb6 10. d3 Be6 11. Qb5 c4 12. Ng5 Bf5 13. e4 Bd7 14. Nd5 Nd4 15.
Qb4 Nxd5 16. exd5 a5 17. Qd2 cxd3 18. Nf3 Ne2+ 19. Kh1 Rc8 20. Ne1 Rxc1 21.
Rxc1 Nxc1 22. Qxc1 Bb5 23. Qd2 Bc4 24. Nxd3 Bxd5 25. b3 Bxg2+ 26. Kxg2 Qd5+ 27.
Kg1 Rd8 28. Rd1 Qf3 29. Qc2 Bd4 30. Rd2 Qd5 31. Re2 e5 32. Qc7 Re8 33. h4 Qf3
34. Nxe5 Qxg3+ 35. Kf1 Qh3+ 36. Kg1 Qe6 
0-1

[Event "Sveins 5. minneturnering"]
[Site "Oslo"]
[Date "2012.06.22"]
[Round "1"]
[White "Roholdt, Njaal"]
[Black "Frisk, Ellinor"]
[Result "0-1"]
[WhiteElo "1756"]
[BlackElo "2181"]
[PlyCount "78"]
[EventDate "2012.??.??"]

1. d4 d5 2. c4 e6 3. Nc3 c6 4. Nf3 Nf6 5. Qc2 Nbd7 6. Bg5 h6 7. Bh4 Qa5 8. c5
b6 9. Bxf6 Nxf6 10. Qa4 Qxa4 11. Nxa4 bxc5 12. dxc5 Ne4 13. Rc1 Ba6 14. b4 f6
15. Nc3 Nxc3 16. Rxc3 Kd7 17. Nh4 Be7 18. Ng6 Rhb8 19. Nxe7 Kxe7 20. a3 Bb5 21.
e3 a5 22. bxa5 Rxa5 23. Bxb5 Rbxb5 24. Kd2 Rxc5 25. Rxc5 Rxc5 26. Kd3 Kd6 27.
Rb1 Rb5 28. Kc2 e5 29. Rd1 c5 30. a4 Ra5 31. Kb3 Ra7 32. e4 d4 33. Ra1 Rb7+ 34.
Kc4 Rb4+ 35. Kd3 c4+ 36. Kc2 Kc5 37. g3 d3+ 38. Kc3 Rb3+ 39. Kd2 Kd4 
0-1

[Event "Sveins 5. minneturnering"]
[Site "Oslo"]
[Date "2012.06.22"]
[Round "1"]
[White "Haubro, Sigfred"]
[Black "Østby, Martin Bergsjø"]
[Result "1-0"]
[WhiteElo "2135"]
[BlackElo "1734"]
[PlyCount "135"]
[EventDate "2012.??.??"]

1. b4 e5 2. Bb2 Bxb4 3. Bxe5 Nf6 4. Nf3 Nc6 5. Bb2 b6 6. e3 Bb7 7. Be2 Be7 8.
O-O O-O 9. c4 d6 10. d4 Re8 11. Nbd2 Bf8 12. a3 g6 13. Qc2 Nd7 14. Bd3 Bg7 15.
Rae1 f5 16. Ba1 Nf6 17. Ng5 Ng4 18. Ngf3 Qd7 19. e4 fxe4 20. Nxe4 Nf6 21. d5
Ne5 22. Nxe5 dxe5 23. Ng5 c6 24. Bxe5 cxd5 25. f4 Rac8 26. Qa2 Ba6 27. Rd1 Ng4
28. cxd5 Bxd3 29. Rxd3 Bxe5 30. fxe5 Nxe5 31. d6+ Kg7 32. Rd5 Qg4 33. d7 Qxg5
34. dxc8=Q Rxc8 35. Qb2 Qe3+ 36. Kh1 Re8 37. h3 Kh6 38. Rd4 g5 39. Rd6+ Kh5 40.
Qc2 Ng6 41. Rd7 Re7 42. Rxe7 Qxe7 43. Qf5 Qxa3 44. Qf7 Kh6 45. Qc7 Qe7 46. Qxe7
Nxe7 47. Rf7 Nd5 48. Rxa7 b5 49. Rb7 Nc3 50. g4 Kg6 51. Rb6+ Kf7 52. Kg2 Ke7
53. Kf1 Kd7 54. Ke1 Kc7 55. Rh6 b4 56. Kd2 Ne4+ 57. Kc2 Nd6 58. Kb3 Kc6 59.
Rxh7 Kc5 60. Rh5 Ne4 61. h4 Nd2+ 62. Kc2 Ne4 63. hxg5 Kc4 64. g6 b3+ 65. Kb2
Nf2 66. g7 Nd3+ 67. Kb1 b2 68. g8=Q+ 1-0

[Event "Sveins 5. minneturnering"]
[Site "Oslo"]
[Date "2012.06.22"]
[Round "1"]
[White "Amarapala, Sherington"]
[Black "De Seroux, Camille"]
[Result "0-1"]
[WhiteElo "1732"]
[BlackElo "2128"]
[PlyCount "72"]
[EventDate "2012.??.??"]

1. e4 c5 2. Nf3 d6 3. d4 cxd4 4. Nxd4 Nf6 5. Nc3 Nc6 6. Bc4 e6 7. Be3 Be7 8.
Bb3 O-O 9. f3 Bd7 10. Qd2 Nxd4 11. Bxd4 b5 12. a3 Qc7 13. O-O Bc6 14. Rad1 Rfd8
15. Rfe1 a5 16. Ne2 e5 17. Bf2 d5 18. exd5 Bxd5 19. Bxd5 Nxd5 20. Ng3 b4 21.
Qe2 bxa3 22. bxa3 Bxa3 23. Qxe5 Qxe5 24. Rxe5 Nf4 25. Rxd8+ Rxd8 26. Be3 Nd5
27. Bd4 f6 28. Re4 Rc8 29. Re2 Rc4 30. Bf2 Bb4 31. Ne4 Nf4 32. Re3 Rxc2 33. Kf1
a4 34. g3 Rc1+ 35. Be1 Nd5 36. Re2 a3 
0-1

[Event "Sveins 5. minneturnering"]
[Site "Oslo"]
[Date "2012.06.22"]
[Round "1"]
[White "Moseng, Geir"]
[Black "Olsen, Ulrik"]
[Result "1-0"]
[WhiteElo "2124"]
[BlackElo "1718"]
[PlyCount "29"]
[EventDate "2012.??.??"]

1. d4 Nf6 2. c4 g6 3. Nc3 d5 4. h4 Bg7 5. h5 Bf5 6. hxg6 hxg6 7. Rxh8+ Bxh8 8.
Qb3 b6 9. cxd5 Ne4 10. Bf4 Bxd4 11. Qa4+ Qd7 12. Qxd4 Nf6 13. e4 Bxe4 14. Nxe4
Nxe4 15. Qh8# 
1-0

[Event "Sveins 5. minneturnering"]
[Site "Oslo"]
[Date "2012.06.22"]
[Round "1"]
[White "Machlik, Jon"]
[Black "Omtvedt, Per"]
[Result "1/2-1/2"]
[WhiteElo "1701"]
[BlackElo "2117"]
[PlyCount "70"]
[EventDate "2012.??.??"]

1. e4 Nf6 2. e5 Nd5 3. c4 Nb6 4. d4 d6 5. f4 dxe5 6. fxe5 Nc6 7. Be3 Bf5 8. Nc3
e6 9. Nf3 Bg4 10. Qd2 Be7 11. O-O-O Qd7 12. h3 Bf5 13. g4 Bg6 14. d5 Na5 15.
Qd4 Na4 16. dxe6 Qxd4 17. exf7+ Bxf7 18. Bxd4 Nxc3 19. Bxc3 Nxc4 20. b3 Ba3+
21. Kb1 Ne3 22. Rd2 Bd5 23. Bb5+ c6 24. Re1 Be4+ 25. Bd3 Nd5 26. Bxe4 Nxc3+ 27.
Kc2 Nxe4 28. Rxe4 O-O 29. Rd3 Be7 30. Kd2 Rad8 31. Rxd8 Rxd8+ 32. Rd4 Kf7 33.
Rxd8 Bxd8 34. Kd3 Ke6 35. Ke4 c5 
1/2-1/2

[Event "Sveins 5. minneturnering"]
[Site "Oslo"]
[Date "2012.06.22"]
[Round "1"]
[White "Mihajlov, Svetoslav"]
[Black "Sætre, Mathias"]
[Result "1-0"]
[WhiteElo "2092"]
[BlackElo "1695"]
[PlyCount "83"]
[EventDate "2012.??.??"]

1. d4 Nf6 2. c4 g6 3. Nc3 Bg7 4. e4 d6 5. f3 O-O 6. Bg5 h6 7. Be3 e5 8. Nge2
Nc6 9. d5 Ne7 10. Qd2 Kh7 11. g4 Nd7 12. h4 Nb6 13. b3 Bd7 14. h5 g5 15. Ng3
Ng8 16. Bd3 Qe7 17. O-O a5 18. Nb5 Be8 19. Qf2 Nc8 20. c5 f6 21. Rac1 Rf7 22.
cxd6 cxd6 23. Nc7 Rb8 24. Nf5 Qxc7 25. Rxc7 Rxc7 26. Bb6 Rf7 27. Bxa5 Ra8 28.
Bb4 Bf8 29. Rc1 Nge7 30. Nxd6 Nxd6 31. Bxd6 Ng8 32. Bxf8 Rxf8 33. Rc7+ Rf7 34.
Qc2 Kg7 35. a4 Rd8 36. Rxf7+ Kxf7 37. Qc7+ Rd7 38. Qb6 Kf8 39. Bb5 Rf7 40. Qd8
Re7 41. d6 Re6 42. d7 
1-0

[Event "Sveins 5. minneturnering"]
[Site "Oslo"]
[Date "2012.06.22"]
[Round "1"]
[White "Bue, Gunnar"]
[Black "Poulsen, Iver"]
[Result "0-1"]
[WhiteElo "1693"]
[BlackElo "2084"]
[PlyCount "54"]
[EventDate "2012.??.??"]

1. d4 d5 2. c4 e6 3. Nf3 c6 4. e3 Nf6 5. Bd3 Nbd7 6. O-O Bd6 7. Nc3 Qe7 8. e4
dxe4 9. Nxe4 Nxe4 10. Bxe4 Nf6 11. Bd3 Qc7 12. c5 Be7 13. Ne5 Nd5 14. a3 b6 15.
b4 bxc5 16. bxc5 Bf6 17. f4 O-O 18. Nf3 Nxf4 19. Bc2 Ba6 20. Rf2 Rad8 21. Bb2
Ng6 22. Bxg6 hxg6 23. Qc2 Rd5 24. Ne5 Bxe5 25. dxe5 Rfd8 26. a4 Qe7 27. Re1
Qxc5 
0-1

[Event "Sveins 5. minneturnering"]
[Site "Oslo"]
[Date "2012.06.22"]
[Round "1"]
[White "Hauge, Lars Oskar"]
[Black "Ellingsrud, Bjørn"]
[Result "1-0"]
[WhiteElo "2071"]
[BlackElo "1693"]
[PlyCount "43"]
[EventDate "2012.??.??"]

1. e4 e5 2. Nf3 Nc6 3. Bb5 a6 4. Ba4 d6 5. d4 b5 6. Bb3 h6 7. dxe5 dxe5 8.
Bxf7+ Ke7 9. Bd5 Bd7 10. Nc3 Nf6 11. Bxc6 Bxc6 12. Qxd8+ Rxd8 13. Nxe5 Be8 14.
f3 Ke6 15. Nd3 c5 16. Be3 Nd7 17. O-O-O g5 18. h4 Rg8 19. hxg5 hxg5 20. f4 gxf4
21. Nxf4+ Kf7 22. e5 
1-0

[Event "Sveins 5. minneturnering"]
[Site "Oslo"]
[Date "2012.06.22"]
[Round "1"]
[White "Eriksen, Dag"]
[Black "Mihajlov, Sebastian"]
[Result "0-1"]
[WhiteElo "1656"]
[BlackElo "2064"]
[PlyCount "78"]
[EventDate "2012.??.??"]

1. e4 e5 2. Nf3 Nc6 3. Bb5 a6 4. Bxc6 dxc6 5. Nc3 f6 6. d4 exd4 7. Qxd4 Qxd4 8.
Nxd4 Bd7 9. O-O O-O-O 10. Be3 Re8 11. Rad1 c5 12. Nb3 b6 13. Rfe1 Bd6 14. Nd5
Kb7 15. Bf4 Bxf4 16. Nxf4 Bc6 17. f3 Nh6 18. Nd2 Re7 19. Nd5 Bxd5 20. exd5 Rhe8
21. Ne4 f5 22. d6 Re5 23. d7 Rd8 24. Nxc5+ Rxc5 25. Re8 Nf7 26. Re7 Nd6 27. c3
Kc6 28. Rxg7 Rxd7 29. Rg8 Re7 30. Kf2 Rce5 31. Rd2 Nc4 32. Rc2 Ne3 33. Rd2 Rd5
34. Rxd5 Nxd5 35. Rf8 Ne3 36. Kg3 Rg7+ 37. Kf4 Nd5+ 38. Kxf5 Rxg2 39. c4 Ne3+
0-1

[Event "Sveins 5. minneturnering"]
[Site "Oslo"]
[Date "2012.06.22"]
[Round "1"]
[White "Jacobsen, Trond"]
[Black "Salomon, Johan"]
[Result "0-1"]
[WhiteElo "1610"]
[BlackElo "2052"]
[PlyCount "77"]
[EventDate "2012.??.??"]

1. d4 Nf6 2. c4 g6 3. Nc3 d5 4. cxd5 Nxd5 5. Nxd5 Qxd5 6. e3 Bg7 7. Nf3 O-O 8.
Be2 c5 9. O-O Nc6 10. dxc5 Qxc5 11. a3 Rd8 12. Qa4 Bf5 13. e4 b5 14. Qxb5 Qxb5
15. Bxb5 Bxe4 16. Bxc6 Bxc6 17. Re1 Bxf3 18. gxf3 Rac8 19. Rb1 Rc2 20. Be3 Bxb2
21. Bxa7 Bxa3 22. Rb8 Rxb8 23. Bxb8 Bc5 24. Bg3 f5 25. Rd1 g5 26. Rd5 e6 27.
Rd8+ Kf7 28. f4 gxf4 29. Bxf4 Bxf2+ 30. Kf1 Bh4 31. Rd7+ Ke8 32. Rxh7 Rf2+ 33.
Kg1 Rxf4 34. Kg2 Be7 35. Kg3 Rg4+ 36. Kf3 Rh4 37. Rg7 Rxh2 38. Kf4 Rh4+ 39. Ke5
0-1

[Event "Sveins 5. minneturnering"]
[Site "Oslo"]
[Date "2012.06.22"]
[Round "2"]
[White "Hammer, Jon Ludvig"]
[Black "Haubro, Sigfred"]
[Result "1-0"]
[WhiteElo "2630"]
[BlackElo "2135"]
[PlyCount "59"]
[EventDate "2012.??.??"]

1. Nf3 d5 2. c4 e6 3. g3 f5 4. Bg2 Nf6 5. O-O Be7 6. d4 O-O 7. Qc2 c6 8. Nc3
Qe8 9. Bf4 Qh5 10. Rab1 Ne4 11. b4 Nd7 12. b5 g5 13. Bc1 g4 14. Ne1 Nb6 15. c5
Nxc3 16. Qxc3 Nc4 17. bxc6 bxc6 18. Rb4 Ba6 19. Nd3 Bb5 20. a4 Ba6 21. Rb3 Bd8
22. f3 gxf3 23. exf3 Ba5 24. Nb4 f4 25. Bxf4 Rxf4 26. gxf4 Rf8 27. Qe1 Qh6 28.
Qg3+ Kh8 29. Nxa6 Nd2 30. Rb8 
1-0

[Event "Sveins 5. minneturnering"]
[Site "Oslo"]
[Date "2012.06.22"]
[Round "2"]
[White "Frisk, Ellinor"]
[Black "Berg, Emanuel"]
[Result "1/2-1/2"]
[WhiteElo "2181"]
[BlackElo "2587"]
[PlyCount "105"]
[EventDate "2012.??.??"]

1. Nf3 Nf6 2. c4 g6 3. g3 Bg7 4. Bg2 O-O 5. O-O d6 6. Nc3 a6 7. d3 Nc6 8. Rb1
Bd7 9. b4 b5 10. cxb5 axb5 11. Nxb5 Nd5 12. e4 Ndxb4 13. a3 Na6 14. Bb2 Bxb2
15. Rxb2 Nc5 16. Qc2 e5 17. Rd1 Bg4 18. h3 Bxf3 19. Bxf3 Ra5 20. Bg2 Rxb5 21.
Rxb5 Nd4 22. Qc4 Nxb5 23. Qxb5 Ne6 24. a4 Qa8 25. Rb1 Qa7 26. h4 Ra8 27. Bh3
Nc5 28. Bd7 Qxa4 29. Qb8+ Kg7 30. Bxa4 Rxb8 31. Rxb8 Nxa4 32. Rc8 Nc5 33. Rxc7
Kf6 34. Kf1 Nxd3 35. Ke2 Nc5 36. Ke3 Ke6 37. g4 h6 38. Rc8 Nd7 39. Re8+ Kf6 40.
f3 Nc5 41. Rd8 Ke7 42. Rh8 Kf6 43. Kd2 Ne6 44. Re8 Nf4 45. Rd8 Ke7 46. Rh8 h5
47. gxh5 Nxh5 48. Ke3 Nf4 49. Kf2 d5 50. exd5 Nxd5 51. h5 gxh5 52. Rxh5 Ke6 53.
Rh8 
1/2-1/2

[Event "Sveins 5. minneturnering"]
[Site "Oslo"]
[Date "2012.06.22"]
[Round "2"]
[White "De Seroux, Camille"]
[Black "Hebden, Mark L"]
[Result "0-1"]
[WhiteElo "2128"]
[BlackElo "2512"]
[PlyCount "44"]
[EventDate "2012.??.??"]

1. e4 e5 2. Nf3 Nc6 3. d4 exd4 4. Nxd4 Nf6 5. Nxc6 bxc6 6. e5 Ne4 7. Qd4 f5 8.
exf6 Nxf6 9. Nc3 Bd6 10. Bg5 Qe7+ 11. Be2 Be5 12. Qe3 d5 13. f4 Bxc3+ 14. Qxc3
O-O 15. Bxf6 Rxf6 16. Kd2 Rxf4 17. Qxc6 Rb8 18. b3 Rf2 19. Rae1 Qg5+ 20. Kd1
Bg4 21. h4 Qe5 22. Qa6 Re8 
0-1

[Event "Sveins 5. minneturnering"]
[Site "Oslo"]
[Date "2012.06.22"]
[Round "2"]
[White "Smith, Axel"]
[Black "Moseng, Geir"]
[Result "1-0"]
[WhiteElo "2483"]
[BlackElo "2124"]
[PlyCount "43"]
[EventDate "2012.??.??"]

1. c4 b6 2. e4 Bb7 3. Nc3 e6 4. Nf3 Bb4 5. Bd3 Na6 6. Bc2 Nc5 7. Qe2 Bxc3 8.
bxc3 d6 9. d4 Nd7 10. O-O Ne7 11. Ng5 Ng6 12. f4 Qe7 13. e5 h6 14. Nxe6 Qxe6
15. f5 Qe7 16. fxg6 f6 17. e6 Nb8 18. Be4 c6 19. a4 O-O 20. Bf5 Rd8 21. Rf3 Nd7
22. Rh3 
1-0

[Event "Sveins 5. minneturnering"]
[Site "Oslo"]
[Date "2012.06.22"]
[Round "2"]
[White "Mihajlov, Svetoslav"]
[Black "Ziska, Helgi Dam"]
[Result "0-1"]
[WhiteElo "2092"]
[BlackElo "2450"]
[PlyCount "72"]
[EventDate "2012.??.??"]

1. d4 Nf6 2. c4 g6 3. Nc3 Bg7 4. e4 d6 5. f3 O-O 6. Bg5 c5 7. d5 e6 8. Qd2 exd5
9. cxd5 Re8 10. Nge2 Nbd7 11. Ng3 h5 12. Be2 a6 13. a4 Qa5 14. Ra3 Nh7 15. Be3
h4 16. Nf1 Ne5 17. Nd1 Qd8 18. Nf2 f5 19. exf5 Bxf5 20. g4 Bd7 21. f4 Nf7 22.
g5 b5 23. a5 b4 24. Ra1 Bb5 25. Bxb5 axb5 26. a6 Qb6 27. Nd1 Rxa6 28. Rxa6 Qxa6
29. Kf2 Nf8 30. Rg1 Qc8 31. Qc2 Qf5 32. Qxf5 gxf5 33. Bd2 Ng6 34. Kf3 Re4 35.
Rg2 Bd4 36. h3 Nfe5+ 
0-1